000 00881nas a2200313 4500
001 BR9900975
003 BR-BrBNA
005 20231205101252.0
007 ta
008 230509b bl.|||p| |||| 00| 00por d
040 _aBR-BrBNA
_bpor
_cBiblioteca Nacional de Agricultura
041 _a(Pt)
072 _aF04
100 1 _aKaminski, J.
100 1 _aRheinheimer, D. dos S.
100 1 _aSantos, A.C. dos
100 1 _aSantos, G.L. dos
100 1 _aOshe, S.
245 1 _aResposta de biotipos da grama forquilha a calagem e a frequencia de corte
650 _aGrama-Batatais
650 _aCalagem
650 _aCorte
650 _aPH
650 _aSolo
650 _aResposta da Planta
773 0 _tCiencia Rural (Brazil)
_xISSN 0103-8478
_g(Oct-Dec 1998), v. 28(4) p. 581-586
_wBR9900975
909 _a202311
_bLúcia
_c55
_dLúcia Elande
942 _2AGRIS
_n0
_cANA
999 _c160806
_d160806